00656cam a22001935a 45000010009000000050017000090080041000260100017000670200027000840400023001110420008001341000024001422450039001662500012002052600037002173000021002548560098002758560089003731177690620160229094242.0990818s1999 nyu eng  a 99091072  a0449227545 (paperback) aDLCbengcDLCdDLC apcc1 aFollett, Ken.d199914aThe hammer of Eden:cKen, Follett. a1st ed. aNew York:bFawcett Crest,c1999. a436 p. : c18 cm423Contributor biographical informationuhttp://www.loc.gov/catdir/bios/random0510/99091072.html423Publisher descriptionuhttp://www.loc.gov/catdir/description/random048/99091072.html